000 00249nam a2200109Ia 4500
008 220204s9999 xx 000 0 und d
082 _a065
_bBAL
100 _aM
245 0 _aBusiness communications
260 _aNew Delhi
_bVikas
_c1979
942 _cBK
999 _c31329
_d31329